| 000 | 00821pam a2200241 a 4500 | ||
|---|---|---|---|
| 001 | 2997256 | ||
| 005 | 20180127074110.0 | ||
| 008 | 930707s1994 mdua b 001 0 eng c | ||
| 010 | _a 93028417 | ||
| 020 | _a068302616X | ||
| 040 |
_aDNLM/DLC _cDLC _dDLC |
||
| 041 | _aeng | ||
| 060 | 0 | 0 | _aWO 240 D717u 1994 |
| 080 | _a617.96028 | ||
| 082 | 0 | 0 |
_a617.96028 DOR _220 |
| 100 | 1 | _a6 | |
| 101 | _aANE | ||
| 245 | 1 | 0 |
_aUnderstanding anesthesia equipment : _cJerry A. Dorsch, Susan E. Dorsch. |
| 504 | _aIncludes bibliographical references and index. | ||
| 906 |
_a7 _bcbc _corignew _d1 _eocip _f19 _gy-gencatlg |
||
| 942 |
_2ddc _cBK |
||
| 999 |
_c41098 _d41098 |
||